Largest Countries By Population - Statistics

General Stats
  • This quiz has been taken 3 times
  • The average score is 15 of 15
Answer Stats
# Population % Of World Population Country % Correct
8 160,197,000 2.19% Bangladesh
100%
5 205,900,000 2.81% Brazil
100%
1 1,375,880,000 18.8% China
100%
15 90,755,700 1.24% Egypt
100%
13 92,206,005 1.26% Ethiopia
100%
2 1,287,180,000 17.6% India
100%
4 258,705,000 3.54% Indonesia
100%
10 126,920,000 1.74% Japan
100%
11 103,083,100 1.67% Mexico
100%
7 186,988,000 2.56% Nigeria
100%
6 193,295,802 2.64% Pakistan
100%
12 103,083,100 1.41% Philippines
100%
9 146,544,710 2% Russia
100%
3 323,225,000 4.42% USA
100%
14 91,700,000 1.25% Vietnam
100%
No matching quizzes found
Score Distribution
Percent of People with Each Score
Percentile by Number Answered
Your Score History
You have not taken this quiz